Մանուկներու դաստիարակութիւնը / (Record no. 200250)
[ view plain ]
| 000 -LEADER | |
|---|---|
| fixed length control field | 00635nam a2200193 u 4500 |
| 001 - CONTROL NUMBER | |
| control field | 000537284 |
| 003 - CONTROL NUMBER IDENTIFIER | |
| control field | AM-YeHGA |
| 005 - DATE AND TIME OF LATEST TRANSACTION | |
| control field | 20250618072942.0 |
| 008 - FIXED-LENGTH DATA ELEMENTS--GENERAL INFORMATION | |
| fixed length control field | 070518s1929 ai | |||||||||||||arm|d |
| 040 ## - CATALOGING SOURCE | |
| Original cataloging agency | AM-YeHGA |
| 041 0# - LANGUAGE CODE | |
| Language code of text/sound track or separate title | arm |
| 090 ## - LOCALLY ASSIGNED LC-TYPE CALL NUMBER (OCLC); LOCAL CALL NUMBER (RLIN) | |
| -- | 201734 |
| 100 1# - MAIN ENTRY--PERSONAL NAME | |
| Personal name | Թովմասեան, Վահան |
| 245 10 - TITLE STATEMENT | |
| Title | Մանուկներու դաստիարակութիւնը / |
| Statement of responsibility, etc. | Վ. Թովմասեան. |
| 260 ## - PUBLICATION, DISTRIBUTION, ETC. | |
| Place of publication, distribution, etc. | Նիւ Եորք : |
| Name of publisher, distributor, etc. | Ա. հ., |
| Date of publication, distribution, etc. | 1929. |
| 300 ## - PHYSICAL DESCRIPTION | |
| Extent | Տետր ; |
| Dimensions | 15 սմ. |
| 505 10 - FORMATTED CONTENTS NOTE | |
| Miscellaneous information | Տետր Ա (1929, 15 էջ) |
| 650 14 - SUBJECT ADDED ENTRY--TOPICAL TERM | |
| Topical term or geographic name entry element | Կրթության և դաստիարակության ընդհանուր հարցեր |
| 9 (RLIN) | 5530 |
| Withdrawn status | Lost status | Damaged status | Not for loan | Collection | Home library | Current library | Date acquired | Cost, normal purchase price | Total checkouts | Full call number | Barcode | Date last seen | Price effective from | Koha item type | Public note |
|---|---|---|---|---|---|---|---|---|---|---|---|---|---|---|---|
| General | Fundamental Scientific Library | Fundamental Scientific Library | 28/12/2016 | 90.00 | AI/15125 | FL0055603 | 28/12/2016 | 28/12/2016 | Գրքեր / Books | 30 Days Loan |
ՀՀ Գիտությունների ազգային ակադեմիայի հիմնարար գիտական գրադարան = Fundamental Scientific Library of NAS RA
All site content, except where otherwise noted, is licensed under a